Κατάλογος Βιβλιοθηκών Mediterranean College

Επιτήρηση και Τιμωρία / Η Γέννηση της Φυλακής (Record no. 3217)

MARC details
000 -LEADER
fixed length control field 01502cam a22001934a 4500
005 - ΗΜΕΡΟΜΗΝΙΑ ΚΑΙ ΩΡΑ ΤΕΛΕΥΤΑΙΑΣ ΕΝΗΜΕΡΩΣΗΣ
Πεδίο ελέγχου 20250605164108.0
008 - FIXED-LENGTH DATA ELEMENTS--GENERAL INFORMATION
Πεδίο ελέγχου σταθερού μήκους 250528s ||||||||||||||||||||||||d
035 ## - SYSTEM CONTROL NUMBER
System control number 17817
020 ## - ISBN
ISBN 9789603482260
040 ## - ΠΗΓΗ ΚΑΤΑΛΟΓΟΓΡΑΦΗΣΗΣ
Φορέας πρωτότυπης καταλογογράφησης MC Athens Campus Library
Γλώσσα καταλογογράφησης Ελληνικά, Μοντέρνα (1453-)
Modifying agency MC Athens Campus Library
Κανόνες περιγραφικής καταλογογράφησης AACR2
245 1# - ΤΙΤΛΟΣ ΚΑΙ ΔΗΛΩΣΗ ΥΠΕΥΘΥΝΟΤΗΤΑΣ
Τίτλος Επιτήρηση και Τιμωρία / Η Γέννηση της Φυλακής
260 ## - PUBLICATION, DISTRIBUTION, ETC.
Name of publisher, distributor, etc. Πλέθρον,
Date of publication, distribution, etc. 2011
300 ## - PHYSICAL DESCRIPTION
Extent 360
520 ## - SUMMARY, ETC.
Summary, etc. Η φυλακή πρέπει να συσχετιστεί με τη διαμόρφωση αυτής της κοινωνίας της επιτήρησης. Βασανιστήριο, Το Σώμα των Καταδίκων, Η Λαμπρότητα των Βασανιστηρίων, Τιμωρία, Η Γενικευμένη Τιμωρία, Η Ηπιότητα των Ποινών, Πεθαρχία, Τα Πειθήνια Σώματα, Η Τέχνη της Κατανομής, Ο Έλεγχος της Δραστηριότητας, Η Οργάνωση των Γενέσεων, Η Σύνθεση των Δυνάμεων, Τα Μέσα της Ορθής Εκγύμνασης, Η Ιεραρχησή Επιτήρηση, Η Κανονικοποιητική Κύρωση, Η Εξέταση, Ο Πανοπτισμός, Φυλακή, Ολοκληρωμένα και Αυστηρά Ιδρύματα, Εκνομίες και Εγκληματικότητα, Το Σωφρονιστικό Σύστημα.
700 1# - ΠΡΟΣΘΕΤΗ ΑΝΑΓΡΑΦΗ--ΦΥΣΙΚΟ ΠΡΟΣΩΠΟ
Personal name Foucault Michel
9 (RLIN) 674
942 ## - ADDED ENTRY ELEMENTS (KOHA)
Koha item type Books
Holdings
Τύπος τεκμηρίου Βιβλιοθήκη Τρέχουσα τοποθεσία Barcode Αριθμός εισαγωγής Ημερομηνία απόκτησης Ταξιθετικό σύμβολο Αριθμός αντιτύπου Κατάσταση απόσυρσης Κατάσταση χαμένου Κατάσταση κατεστραμμένου Μη δανεισμός Σύνολο δανεισμών Ημερομηνία τελευταίας εμφάνισης Η τιμή ισχύει από
Books MC Athens Campus Library MC Athens Campus Library 9780000032164 7215 05/06/2025 365.643 FOU 1           05/06/2025 05/06/2025

MC Athens Campus Library
Πατησίων 94 & Κοδριγκτώνος 13, 104 34
Πελλήνης 8 & Πατησίων 107, 112 51
Τ: +30 210 8899600

MC Thessaloniki Campus Library
Ίωνος Δραγούμη 21, 54625 | Ίωνος Δραγούμη 15, 54625
Τ: +30 2310 287779 – Τ: +30 2314 440300